[Event "HUN-chT2 Toth 1819"]
[Site "Hungary"]
[Date "2019.01.27"]
[Round "6.9"]
[White "Sandor, Peter"]
[Black "Arato, Daniel"]
[Result "0-1"]
[WhiteElo "1938"]
[BlackElo "1733"]
[PlyCount "106"]
[EventDate "2018.09.23"]
[EventType "team-tourn"]
[EventRounds "11"]
[EventCountry "HUN"]
[SourceTitle "EXT 2021"]
[Source "ChessBase"]
[SourceDate "2020.10.23"]
[SourceVersion "1"]
[SourceVersionDate "2020.10.23"]
[SourceQuality "1"]
[WhiteTeam "Bekes"]
[BlackTeam "Szeged Maroczy III"]
[WhiteTeamCountry "HUN"]
[BlackTeamCountry "HUN"]

1. e4 d5 2. exd5 Nf6 3. d4 Nxd5 4. Bd3 g6 5. Ne2 Bg7 6. c3 0-0 7. h3 Nd7 8. Bg5 c5 9. 0-0 Qb6 10. Bc4 e6 11. b3 Qc6 12. Nd2 b5 13. Bd3 Bb7 14. Be4 Qb6 15. c4 N5f6 16. dxc5 Nxc5 17. Bxb7 Qxb7 18. cxb5 Nd5 19. Rb1 Qxb5 20. Nc4 Ne4 21. Bd2 Rfd8 22. Qc2 Nxd2 23. Qxd2 Nb4 24. Qe3 Nxa2 25. Rfd1 Rxd1+ 26. Rxd1 Nb4 27. Qf3 Nd5 28. Qxf7+ Kxf7 29. Nd6+ Ke7 30. Nxb5 Rb8 31. Nbd4 Kd6 32. f4 Bxd4+ 33. Rxd4 Rxb3 34. Ra4 Rb2 35. Nd4 Nxf4 36. Rxa7 Rxg2+ 37. Kh1 Rg3 38. Ra6+ Ke5 39. Ra4 Rxh3+ 40. Kg1 Rd3 41. Nc6+ Kf5 42. Kf2 e5 43. Ra7 h5 44. Rf7+ Ke4 45. Re7 Rd2+ 46. Kf1 Rd1+ 47. Kf2 Nd3+ 48. Ke2 Rc1 49. Re6 h4 50. Kd2 Rg1 51. Ne7 h3 52. Nxg6 h2 53. Nxe5 Nxe5 0-1

[Event "HUN-chT2 Toth 1516"]
[Site "Hungary"]
[Date "2015.11.29"]
[Round "5.8"]
[White "Papp, Zoltan"]
[Black "Sandor, Peter"]
[Result "1-0"]
[WhiteElo "1844"]
[BlackElo "2008"]
[PlyCount "105"]
[EventDate "2015.09.13"]
[EventType "team-tourn"]
[EventRounds "11"]
[EventCountry "HUN"]
[SourceTitle "CBM 170 Extra"]
[Source "ChessBase"]
[SourceDate "2016.02.25"]
[SourceVersion "1"]
[SourceVersionDate "2016.02.25"]
[SourceQuality "1"]
[WhiteTeam "Toth Laszlo II"]
[BlackTeam "Bekes"]
[WhiteTeamCountry "HUN"]
[BlackTeamCountry "HUN"]

1. d4 d5 2. f4 Bf5 3. e3 e6 4. Nf3 Be7 5. Bd3 Bxd3 6. Qxd3 Nf6 7. 0-0 0-0 8. Bd2 c5 9. c3 Nc6 10. Be1 Ne4 11. Nbd2 f5 12. Ne5 Nxe5 13. fxe5 Qb6 14. Rb1 a6 15. Nxe4 fxe4 16. Qe2 Rf5 17. Rxf5 exf5 18. Bg3 Rf8 19. Rf1 c4 20. h4 Qh6 21. h5 b5 22. Bf4 Bg5 23. g3 Rb8 24. a3 Rb6 25. g4 g6 26. gxf5 gxf5 27. Bxg5 Qxg5+ 28. Qg2 Qxg2+ 29. Kxg2 a5 30. Rxf5 b4 31. axb4 axb4 32. e6 Rxe6 33. Rxd5 Rb6 34. Rc5 bxc3 35. bxc3 Rb2+ 36. Kg3 Re2 37. Kf4 Rf2+ 38. Kxe4 Rh2 39. Rxc4 Rxh5 40. Kf4 Kf7 41. e4 Ke6 42. Rc6+ Kd7 43. d5 Rh1 44. c4 h5 45. Rh6 Rc1 46. Rxh5 Rxc4 47. Ke5 Rc1 48. Rh7+ Ke8 49. Ke6 Kd8 50. d6 Kc8 51. d7+ Kc7 52. Rh8 Rd1 53. Rc8+ 1-0

[Event "HUN-chT2 Toth 1213"]
[Site "Hungary"]
[Date "2013.01.27"]
[Round "6.2"]
[White "Sandor, Peter"]
[Black "Prorok, Marton"]
[Result "0-1"]
[WhiteElo "2039"]
[BlackElo "2229"]
[PlyCount "60"]
[EventDate "2012.09.16"]
[EventType "team-tourn"]
[EventRounds "11"]
[EventCountry "HUN"]
[SourceTitle "EXT 2014"]
[Source "ChessBase"]
[SourceDate "2013.11.20"]
[SourceVersion "1"]
[SourceVersionDate "2013.11.20"]
[SourceQuality "1"]
[WhiteTeam "Bekes"]
[BlackTeam "Mezobereny"]
[WhiteTeamCountry "HUN"]
[BlackTeamCountry "HUN"]

1. e4 c5 2. Bc4 Nc6 3. c3 Nf6 4. d4 Nxe4 5. Bxf7+ Kxf7 6. Qh5+ g6 7. Qd5+ Ke8 8. Qxe4 d5 9. Qh4 cxd4 10. Ne2 d3 11. Nf4 Bf5 12. Qg3 d4 13. Bd2 e5 14. Nh3 Be7 15. 0-0 Bh4 16. Qf3 Rf8 17. Bh6 Rf7 18. Nd2 Qf6 19. Ne4 Bxe4 20. Qxe4 g5 21. cxd4 Qxh6 22. d5 Ne7 23. Qxe5 g4 24. d6 gxh3 25. Qb5+ Nc6 26. Rae1+ Kf8 27. Qc5 hxg2 28. d7+ Be7 29. Qc3 gxf1Q+ 30. Rxf1 Qg7+ 0-1

[Event "HUN-chT2 Toth 1112"]
[Site "Hungary"]
[Date "2011.11.27"]
[Round "4.2"]
[White "Sandor, Peter"]
[Black "Nagy, Sandor"]
[Result "1/2-1/2"]
[WhiteElo "2037"]
[BlackElo "2107"]
[PlyCount "44"]
[EventDate "2011.09.25"]
[EventType "team-tourn"]
[EventRounds "11"]
[EventCountry "HUN"]
[SourceTitle "EXT 2013"]
[Source "ChessBase"]
[SourceDate "2012.11.22"]
[SourceVersion "1"]
[SourceVersionDate "2012.11.22"]
[SourceQuality "1"]
[WhiteTeam "Bekes"]
[BlackTeam "Mezobereny"]
[WhiteTeamCountry "HUN"]
[BlackTeamCountry "HUN"]

1. e4 e6 2. d4 d5 3. exd5 exd5 4. Nf3 Bd6 5. Bd3 Nf6 6. 0-0 0-0 7. h3 h6 8. Ne5 c5 9. c3 Nc6 10. Nxc6 bxc6 11. dxc5 Bxc5 12. Nd2 Re8 13. Nf3 Qb6 14. b4 Bd6 15. Nd4 a5 16. a3 axb4 17. cxb4 Ne4 18. Be3 c5 19. Nb5 d4 20. Nxd6 Qxd6 21. Bd2 Nxd2 22. Qxd2 cxb4 1/2-1/2

[Event "HUN-chT2 Toth 1112"]
[Site "Hungary"]
[Date "2011.11.13"]
[Round "3.2"]
[White "Chereches, Marius"]
[Black "Sandor, Peter"]
[Result "1-0"]
[WhiteElo "2292"]
[BlackElo "2037"]
[PlyCount "65"]
[EventDate "2011.09.25"]
[EventType "team-tourn"]
[EventRounds "11"]
[EventCountry "HUN"]
[SourceTitle "EXT 2013"]
[Source "ChessBase"]
[SourceDate "2012.11.22"]
[SourceVersion "1"]
[SourceVersionDate "2012.11.22"]
[SourceQuality "1"]
[WhiteTeam "Gyula"]
[BlackTeam "Bekes"]
[WhiteTeamCountry "HUN"]
[BlackTeamCountry "HUN"]

1. e4 c5 2. Nf3 Nc6 3. Nc3 d6 4. d4 cxd4 5. Nxd4 e5 6. Nf5 Nf6 7. Bc4 a6 8. Bg5 Bxf5 9. exf5 Nd4 10. 0-0 Be7 11. f4 h6 12. fxe5 dxe5 13. Bxf6 Bxf6 14. Ne4 0-0 15. c3 Rc8 16. Bd3 Nc6 17. Qe2 Qe7 18. Rad1 Rfd8 19. b4 Nb8 20. a3 Nd7 21. c4 Nb8 22. c5 Nc6 23. Nd6 Rc7 24. Qa2 Nd4 25. Nxf7 Nf3+ 26. gxf3 Rxd3 27. Nd6+ Kh7 28. Rxd3 e4 29. fxe4 Be5 30. Qg2 Qh4 31. Qg6+ Kg8 32. Qe8+ Kh7 33. Qxe5 1-0

[Event "HUN-chT2 Toth 0910"]
[Site "Hungary"]
[Date "2010.04.18"]
[Round "10.11"]
[White "Sandor, Peter"]
[Black "Valyi, Adel"]
[Result "0-1"]
[WhiteElo "2062"]
[BlackElo "1638"]
[PlyCount "64"]
[EventDate "2009.11.08"]
[EventType "team-tourn"]
[EventRounds "11"]
[EventCountry "HUN"]
[SourceTitle "EXT 2011"]
[Source "ChessBase"]
[SourceDate "2010.11.26"]
[SourceVersion "1"]
[SourceVersionDate "2010.11.26"]
[SourceQuality "1"]
[WhiteTeam "Bekes"]
[BlackTeam "Roszke"]
[WhiteTeamCountry "HUN"]
[BlackTeamCountry "HUN"]

1. e4 d5 2. exd5 Qxd5 3. d4 Nc6 4. Nf3 Bg4 5. Be2 0-0-0 6. c4 Qf5 7. d5 e6 8. Bd3 Bxf3 9. gxf3 Qe5+ 10. Kf1 exd5 11. f4 Qd6 12. c5 Qxc5 13. Nc3 Nf6 14. f3 d4 15. Ne4 Nxe4 16. fxe4 Nb4 17. a3 Nxd3 18. Qxd3 f6 19. Bd2 Qb6 20. b4 Be7 21. Kf2 g5 22. Rac1 Kb8 23. Rhg1 h6 24. h4 Rhg8 25. hxg5 fxg5 26. Rc4 gxf4 27. Rxg8 Rxg8 28. Qxd4 Qg6 29. Ke2 Qg2+ 30. Kd1 Rd8 31. Qc3 Bf6 32. Qc2 Qf1# 0-1

[Event "HUN-chT2 Toth 0809"]
[Site "Hungary"]
[Date "2009.01.25"]
[Round "6.11"]
[White "Sandor, Peter"]
[Black "Palotai, Gergoe"]
[Result "1-0"]
[WhiteElo "2060"]
[BlackElo "1768"]
[PlyCount "53"]
[EventDate "2008.10.26"]
[EventType "team-tourn"]
[EventRounds "11"]
[EventCountry "HUN"]
[SourceTitle "EXT 2010"]
[Source "ChessBase"]
[SourceDate "2010.11.25"]
[SourceVersion "1"]
[SourceVersionDate "2010.11.25"]
[SourceQuality "1"]
[WhiteTeam "Bekes"]
[BlackTeam "Takisz"]
[WhiteTeamCountry "HUN"]
[BlackTeamCountry "HUN"]

1. e4 c5 2. Bc4 d6 3. c3 Nf6 4. d3 Nc6 5. h3 Ne5 6. Bb3 Bd7 7. f4 Nc6 8. Nf3 e6 9. 0-0 Be7 10. Nbd2 0-0 11. Nc4 Na5 12. Nxa5 Qxa5 13. g4 b5 14. f5 Qc7 15. Ng5 c4 16. Bc2 h6 17. Nf3 cxd3 18. Bxd3 d5 19. e5 Ne4 20. f6 Bc5+ 21. Kg2 gxf6 22. Bxh6 Rfe8 23. Qe1 fxe5 24. Qh4 Qd8 25. Qh5 Bd6 26. Nxe5 Bxe5 27. Rxf7 1-0

[Event "HUN-chT2 Toth 0809"]
[Site "Hungary"]
[Date "2008.11.02"]
[Round "2.11"]
[White "Sandor, Peter"]
[Black "Balogh, David"]
[Result "1-0"]
[WhiteElo "2060"]
[BlackElo "1973"]
[PlyCount "79"]
[EventDate "2008.10.26"]
[EventType "team-tourn"]
[EventRounds "11"]
[EventCountry "HUN"]
[SourceTitle "EXT 2010"]
[Source "ChessBase"]
[SourceDate "2010.11.25"]
[SourceVersion "1"]
[SourceVersionDate "2010.11.25"]
[SourceQuality "1"]
[WhiteTeam "Bekes"]
[BlackTeam "Kisujszallas"]
[WhiteTeamCountry "HUN"]
[BlackTeamCountry "HUN"]

1. e4 c5 2. Bc4 e6 3. c3 d6 4. Nf3 Nc6 5. 0-0 Nf6 6. Re1 Be7 7. d4 cxd4 8. cxd4 Qc7 9. Nc3 a6 10. Bg5 b5 11. Bd3 Bb7 12. Rc1 Qa5 13. d5 Nd8 14. Bxf6 Bxf6 15. e5 dxe5 16. Nxe5 h6 17. dxe6 0-0 18. exf7+ Nxf7 19. Nd7 Bg5 20. Rc2 Rfd8 21. Qg4 Bc8 22. Rce2 Bxd7 23. Qxd7 g6 24. Qc6 Rac8 25. Qxg6+ Kf8 26. Bf5 Rb8 27. f4 Bxf4 28. Be6 Qc7 29. Rf1 Rb7 30. Bxf7 Qxf7 31. Qe4 Bxh2+ 32. Kxh2 Qxf1 33. Qxb7 Qf4+ 34. g3 Qg5 35. Rf2+ Kg8 36. Qf7+ Kh8 37. Ne4 Qg7 38. Qe6 Rd7 39. Qe8+ Kh7 40. Qxd7 1-0

[Event "HUN-chT2 Toth 0708"]
[Site "Hungary"]
[Date "2008.03.02"]
[Round "7"]
[White "Sandor, Peter"]
[Black "Erdos, Boglarka"]
[Result "1/2-1/2"]
[WhiteElo "2107"]
[BlackElo "2071"]
[PlyCount "29"]
[EventDate "2007.10.14"]
[EventType "team"]
[EventRounds "11"]
[EventCountry "HUN"]
[SourceTitle "EXT 2009"]
[Source "ChessBase"]
[SourceDate "2008.11.26"]
[SourceVersion "1"]
[SourceVersionDate "2008.11.26"]
[SourceQuality "1"]
[WhiteTeam "Bekes"]
[BlackTeam "Mako II"]
[WhiteTeamCountry "HUN"]
[BlackTeamCountry "HUN"]

1. e4 e6 2. d4 d5 3. exd5 exd5 4. h3 Bf5 5. Nf3 Nc6 6. c3 Bd6 7. Bd3 Nge7 8. Bg5 Bxd3 9. Qxd3 h6 10. Be3 Qd7 11. Nbd2 f5 12. Nb3 f4 13. Bd2 0-0-0 14. 0-0-0 g5 15. c4 1/2-1/2

[Event "HUN-chT2 Toth 0405"]
[Site "Hungary"]
[Date "2005.04.10"]
[Round "10"]
[White "Erdos, Boglarka"]
[Black "Sandor, Peter"]
[Result "1-0"]
[WhiteElo "2031"]
[BlackElo "2126"]
[PlyCount "103"]
[EventDate "2004.09.26"]
[EventType "team"]
[EventRounds "11"]
[EventCountry "HUN"]
[SourceTitle "EXT 2009"]
[Source "ChessBase"]
[SourceDate "2008.11.26"]
[SourceVersion "1"]
[SourceVersionDate "2008.11.26"]
[SourceQuality "1"]
[WhiteTeam "Mako II"]
[BlackTeam "Bekes"]
[WhiteTeamCountry "HUN"]
[BlackTeamCountry "HUN"]

1. e4 e5 2. Nf3 d6 3. d4 exd4 4. Nxd4 a6 5. Nc3 Nf6 6. Bc4 Be7 7. 0-0 Nbd7 8. f4 0-0 9. h3 b5 10. Nc6 Qe8 11. Nd5 Bd8 12. Nxd8 Qxd8 13. Nxf6+ Nxf6 14. Bd5 Rb8 15. Be3 Re8 16. Ba7 Nxd5 17. exd5 Ra8 18. Bd4 Re4 19. Qd2 Bb7 20. Bc3 Qh4 21. Ba5 Rc8 22. Rae1 f5 23. Rxe4 fxe4 24. Re1 Qe7 25. Qd4 Re8 26. Bc3 c5 27. dxc6 Bxc6 28. Re3 Qc7 29. Rg3 Re7 30. f5 Rf7 31. f6 g6 32. h4 d5 33. Qe3 Qd6 34. h5 Rxf6 35. Bxf6 Qxf6 36. hxg6 hxg6 37. c3 Bd7 38. Qg5 Qxg5 39. Rxg5 Bf5 40. g4 Be6 41. Rxg6+ Kf7 42. Rh6 Bxg4 43. Rxa6 Ke7 44. Kf2 Bd7 45. Ke3 Be8 46. Kd4 Kd7 47. Kxd5 e3 48. Ra7+ Kd8 49. Kd6 Bc6 50. Kxc6 e2 51. Kd6 e1Q 52. Ra8# 1-0

[Event "HUN-chT2 Toth 0304"]
[Site "Hungary"]
[Date "2004.01.25"]
[Round "6"]
[White "Kemeny, Csaba"]
[Black "Sandor, Peter"]
[Result "0-1"]
[WhiteElo "2068"]
[BlackElo "2127"]
[PlyCount "70"]
[EventDate "2003.09.28"]
[EventType "team"]
[EventRounds "11"]
[EventCountry "HUN"]
[SourceTitle "EXT 2009"]
[Source "ChessBase"]
[SourceDate "2008.11.26"]
[SourceVersion "1"]
[SourceVersionDate "2008.11.26"]
[SourceQuality "1"]
[WhiteTeam "Takisz"]
[BlackTeam "Bekes"]
[WhiteTeamCountry "HUN"]
[BlackTeamCountry "HUN"]

1. d4 d5 2. Nf3 e6 3. Bf4 c5 4. e3 Nc6 5. c3 Bd7 6. Bd3 Qb6 7. Qc1 Rc8 8. 0-0 Nf6 9. Nbd2 Nh5 10. Bg3 Nxg3 11. hxg3 Bd6 12. Qb1 h6 13. dxc5 Bxc5 14. Nb3 Bd6 15. Rd1 Ne5 16. Nxe5 Bxe5 17. Bc2 h5 18. Nd4 g5 19. f4 Bf6 20. Kf2 h4 21. gxh4 gxf4 22. exf4 Rxh4 23. g3 Rh2+ 24. Kg1 Rxc2 25. Qxc2 Bxd4+ 26. Kg2 Bf6 27. Qd2 Bc6 28. Kf1 Ke7 29. Qf2 Qb5+ 30. Qe2 Qa5 31. Kg1 Rh8 32. Qd3 Qb6+ 33. Kg2 d4+ 34. Kf2 dxc3+ 35. Ke1 Qg1+ 0-1

[Event "HUN-chT2 Toth 0203"]
[Site "Hungary"]
[Date "2003.04.06"]
[Round "10"]
[White "Sandor, Peter"]
[Black "Donko, Matyas"]
[Result "0-1"]
[WhiteElo "2116"]
[BlackElo "2100"]
[PlyCount "122"]
[EventDate "2002.09.22"]
[EventType "team"]
[EventRounds "11"]
[EventCountry "HUN"]
[SourceTitle "EXT 2009"]
[Source "ChessBase"]
[SourceDate "2008.11.26"]
[SourceVersion "1"]
[SourceVersionDate "2008.11.26"]
[SourceQuality "1"]

1. e4 c5 2. Bc4 e6 3. c3 Nc6 4. Nf3 Nf6 5. e5 d5 6. Bb5 Nd7 7. Qe2 Qb6 8. 0-0 Be7 9. Re1 0-0 10. Ba4 f6 11. exf6 Nxf6 12. Ng5 e5 13. d3 h6 14. Nf3 Bg4 15. Bxc6 bxc6 16. Nbd2 Bd6 17. Qf1 Rae8 18. h3 Bc8 19. b3 Bb8 20. Ba3 Qa5 21. Bb2 Qc7 22. g3 Ba6 23. c4 e4 24. dxe4 dxe4 25. Bxf6 Rxf6 26. Nh2 e3 27. f4 Qf7 28. Ndf3 Bc8 29. Re2 Qg6 30. Qg2 Qd3 31. Rae1 a5 32. Nf1 Rfe6 33. Ne5 Bxe5 34. fxe5 Rxe5 35. Qxc6 Bxh3 36. Nh2 R8e6 37. Qc8+ Kh7 38. Nf3 Rh5 39. Rh2 Qf5 40. Nh4 Qg4 41. Rxh3 Rxh4 42. Qxe6 Qxe6 43. Rxh4 g5 44. Rh2 Qe5 45. Rg2 h5 46. Rd1 Kg6 47. Rd5 Qe4 48. Rd1 Kf5 49. Kh2 Kg4 50. Re1 Qf3 51. Kg1 Kh3 52. Ree2 Qe4 53. Rh2+ Kxg3 54. Reg2+ Kf4 55. Re2 Qf3 56. Rhg2 g4 57. a3 h4 58. Re1 h3 59. Rge2 Ke4 60. b4 axb4 61. a4 g3 0-1

[Event "HUN-chT2 Toth 0203"]
[Site "Hungary"]
[Date "2003.02.16"]
[Round "7"]
[White "Sztojan, Miklos"]
[Black "Sandor, Peter"]
[Result "0-1"]
[WhiteElo "2003"]
[BlackElo "2116"]
[PlyCount "80"]
[EventDate "2002.09.22"]
[EventType "team"]
[EventRounds "11"]
[EventCountry "HUN"]
[SourceTitle "EXT 2009"]
[Source "ChessBase"]
[SourceDate "2008.11.26"]
[SourceVersion "1"]
[SourceVersionDate "2008.11.26"]
[SourceQuality "1"]

1. e4 e6 2. c4 g6 3. d4 Bg7 4. Nf3 Ne7 5. Be3 c5 6. Nc3 0-0 7. Be2 cxd4 8. Bxd4 Nbc6 9. Bxg7 Kxg7 10. 0-0 Ng8 11. Rb1 a6 12. b4 Qc7 13. c5 Nf6 14. Qd6 Qxd6 15. cxd6 b6 16. e5 Ng4 17. b5 axb5 18. Rxb5 Ba6 19. Rb2 Ncxe5 20. Nxe5 Nxe5 21. Bxa6 Rxa6 22. Rd1 Rc8 23. Nb5 Rc6 24. Nc7 Ra4 25. Ne8+ Kh6 26. Rb3 g5 27. Re3 Rd4 28. Rde1 Nc4 29. Rf3 f5 30. Nf6 Rcxd6 31. Rh3+ Kg6 32. Nxh7 Rh4 33. Rxh4 gxh4 34. Nf8+ Kg7 35. Nxd7 Rxd7 36. f4 Kf6 37. Rc1 Rd4 38. g3 h3 39. Rc2 Ne3 40. Rc1 Rd2 0-1